<The> tramp shipping firm of Burrell and son

Na minha lista:
Detalhes bibliográficos
Autor principal: Cage, R.A
Formato: Livro
Idioma:inglês
Publicado em: Brisbane The University of Queensland 1992
Colecção:Discussion Paper No. 93
Assuntos:
Tags: Adicionar Tag
Sem tags, seja o primeiro a adicionar uma tag!

MARC

LEADER 00000nam a2200000 4500
001 c100359
005 20221123102419.9
022 |a 1033-4661 
041 0 |a eng 
044 |a AU 
245 1 0 |a <The> tramp shipping firm of Burrell and son  |c R.A. Cage 
264 1 |a Brisbane  |b The University of Queensland  |c 1992 
300 |a 21 s. 
490 1 |a Discussion Paper  |v No. 93 
830 0 |a Discussion Paper  |v No. 93 
610 2 0 |a lode 
610 2 0 |a lodenice 
610 2 0 |a loďstvo 
610 2 0 |a firmy 
610 2 0 |a spoločnosti dopravné 
610 2 0 |a doprava námorná 
610 2 0 |a doprava vodná 
100 1 |a Cage, R.A.